Sports Quiz

Random Sports or Basketball Quiz
Score 0/68 Timer 07:00
12 Plays Today
Event Team % Correct
NBA ChampionsLos Angeles Lakers
95.8%
NBA ChampionsLos Angeles Lakers
95.8%
NBA ChampionsLos Angeles Lakers
95.8%
NBA ChampionsLos Angeles Lakers
95.8%
NBA ChampionsLos Angeles Lakers
95.8%
NBA ChampionsBoston Celtics
94.7%
NBA ChampionsBoston Celtics
94.7%
NBA ChampionsBoston Celtics
94.7%
Most Olympic Medals United States of America
87.1%
Super Bowl ChampionsSan Francisco 49ers
85.6%
Super Bowl ChampionsSan Francisco 49ers
85.6%
Super Bowl ChampionsSan Francisco 49ers
85.6%
Super Bowl ChampionsSan Francisco 49ers
85.5%
Super Bowl ChampionsNew York Giants
85.4%
Most Olympic Medals Soviet Union
83.8%
Most Olympic Medals Soviet Union
83.8%
Most Olympic Medals Soviet Union
83.8%
Most Olympic Medals Soviet Union
83.8%
NBA ChampionsDetroit Pistons
81.7%
World Series ChampionsLos Angeles Dodgers
78.5%
World Series ChampionsLos Angeles Dodgers
78.5%
World Series ChampionsNew York Mets
77.9%
Stanley Cup ChampionsEdmonton Oilers
76.6%
Stanley Cup ChampionsEdmonton Oilers
76.6%
Stanley Cup ChampionsEdmonton Oilers
76.6%
Stanley Cup ChampionsEdmonton Oilers
76.6%
World Series ChampionsOakland Athletics
76%
NCAA DI Basketball ChampionsLouisville Cardinals
75.9%
NCAA DI Basketball ChampionsLouisville Cardinals
75.9%
Super Bowl ChampionsWashington Redskins
74.5%
Super Bowl ChampionsWashington Redskins
74.5%
NCAA DI Basketball ChampionsNorth Carolina Tar Heels
74.4%
World Series ChampionsSt. Louis Cardinals
74.3%
Super Bowl ChampionsOakland Raiders
74.2%
Event Team % Correct
Super Bowl ChampionsLos Angeles Raiders
74.2%
Super Bowl ChampionsChicago Bears
74.1%
NBA ChampionsPhiladelphia 76ers
71.7%
NCAA DI-A Football ChampionsClemson Tigers
70.4%
Stanley Cup ChampionsMontreal Canadiens
70.3%
Stanley Cup ChampionsNew York Islanders
70.2%
Stanley Cup ChampionsNew York Islanders
70.2%
Stanley Cup ChampionsNew York Islanders
70.2%
Stanley Cup ChampionsNew York Islanders
70.2%
World Series ChampionsKansas City Royals
68.1%
NCAA DI-A Football ChampionsMiami Hurricanes
67.9%
NCAA DI-A Football ChampionsMiami Hurricanes
67.9%
NCAA DI-A Football ChampionsMiami Hurricanes
67.9%
NCAA DI Basketball ChampionsMichigan Wolverines
67.5%
Most Olympic Medals East Germany
67.1%
World Series ChampionsPhiladelphia Phillies
65.7%
World Series ChampionsDetroit Tigers
65.6%
World Series ChampionsMinnesota Twins
64.3%
FIFA World Cup ChampionsArgentina
63.9%
FIFA World Cup ChampionsItaly
63.6%
World Series ChampionsBaltimore Orioles
63.1%
NCAA DI-A Football ChampionsNotre Dame Fighting Irish
62.2%
NCAA DI-A Football ChampionsOklahoma Sooners
60.7%
NCAA DI Basketball ChampionsGeorgetown Hoyas
55.7%
NCAA DI Basketball ChampionsKansas Jayhawks
54.5%
NCAA DI Basketball ChampionsNorth Carolina State Wolfpack
53.7%
NCAA DI Basketball ChampionsVillanova Wildcats
53.7%
NCAA DI Basketball ChampionsIndiana Hoosiers
52.9%
NCAA DI Basketball ChampionsIndiana Hoosiers
52.9%
NCAA DI-A Football ChampionsPenn State Nittany Lions
52.7%
NCAA DI-A Football ChampionsPenn State Nittany Lions
52.7%
NCAA DI-A Football ChampionsGeorgia Bulldogs
47.9%
Stanley Cup ChampionsCalgary Flames
45.3%
NCAA DI-A Football ChampionsBYU Cougars
31.5%
Remove Ads.
Support Sporcle.
Get the best of Sporcle when you Go Orange. This ad-free experience offers more features, more stats, and more fun while also helping to support Sporcle. Thank you for becoming a member.

You're not logged in!

Compare scores with friends on all Sporcle quizzes.
OR
Log In

Show Comments

Extras

Top Quizzes Today


Score Distribution

Your Account Isn't Verified!

In order to create a playlist on Sporcle, you need to verify the email address you used during registration. Go to your Sporcle Settings to finish the process.

Report this User

Report this user for behavior that violates our Community Guidelines.

Details: